Normal view
MARC view
Entry Topical Term
001 - CONTROL NUMBER
- control field: 28001
003 - CONTROL NUMBER IDENTIFIER
- control field: AUA.1
005 - DATE AND TIME OF LATEST TRANSACTION
- control field: 20121025164550.0
008 - FIXED-LENGTH DATA ELEMENTS
- fixed length control field: 121025|||a|||||| | ||| d
040 ## - CATALOGING SOURCE
- Original cataloging agency: AUA.1
- Transcribing agency: AUA.1
150 ## - HEADING--TOPICAL TERM
- Topical term or geographic name as entry element: Backsliding reduction
670 ## - SOURCE DATA FOUND
- Source citation: Work cat.: (AUA.1): Julious Osizimhete Umoru 27999, Reducing the Rate of Backsliding Among Church Members in Warri District of the Seventh-Day Adventist Church, Edo-Delta Conference